000 00445ntaaa2200181 4500
003 01
005 20251027201728.0
008 0714s1973 ag 01
040 _aAR-BaBN
_bspa
_cAR-BaBN
_eaacr
_dRIC
082 _a234.7100 F22
100 _aFarmer, H.H.
_914367
245 _aThe word of reconciliation
250 _a1 ed.
260 _aNashville :
_bAbingdon Press,
_cc1966
300 _a105 p
650 _areconciliación
_96615
942 _cBK
999 _c11955
_d11955